000
00229nam a2200109Ia 4500
100
_a
#N/A
942
_c
BK
654
_a
SWOT analysis
245
_a
Developing successful global joint venture
260
_b
#N/A
546
_a
ENGLISH
999
_c
21207
_d
21207